[Event "MFR_HT_2015"]
[Site "Nürnberg"]
[Date "2015.04.02"]
[Round "6.10"]
[White "Drees, Martin"]
[Black "Kroneder, Christian"]
[Result "0-1"]
[WhiteElo "1942"]
[BlackElo "2067"]
[PlyCount "112"]
[EventDate "2015.??.??"]
[WhiteTeam "TSV Cadolzburg"]
[BlackTeam "SK Schwanstetten"]

1. e4 c5 2. c3 d5 3. exd5 Qxd5 4. d4 e6 5. Nf3 Nf6 6. Be3 cxd4 7. Qxd4 Nc6 8.
Qxd5 Nxd5 9. Bd2 Be7 10. Bb5 O-O 11. O-O a6 12. Bc4 Nb6 13. Be2 Na4 14. b3 Nc5
15. c4 Ne4 16. Nc3 Nxd2 17. Nxd2 Nd4 18. Nf3 Nxe2+ 19. Nxe2 b5 20. Rac1 Ba3 21.
Rc2 Bb7 22. Nfd4 Be4 23. Rc3 e5 24. Re3 Bxg2 25. Kxg2 exd4 26. Nxd4 bxc4 27.
bxc4 Bc5 28. Re4 f5 29. Rf4 g5 30. Ne6 gxf4 31. Nxc5 Rfc8 32. Nd7 Ra7 33. Nf6+
Kf7 34. Nd5 Rxc4 35. Kf3 Rd7 36. Nxf4 Rdd4 37. Ne2 Rd3+ 38. Kg2 Rg4+ 39. Kh1
Rd2 40. Ng3 f4 41. Nf5 Rg5 42. Nh4 Rxa2 43. Nf3 Rc5 44. Kg2 a5 45. Rb1 Rcc2 46.
Rb7+ Ke8 47. Rb8+ Ke7 48. Rb7+ Kd8 49. Ne5 Rxf2+ 50. Kh3 Kc8 51. Ra7 Rfe2 52.
Nc6 f3 53. Nxa5 f2 54. Kg2 Ra1 55. Ra8+ Kd7 56. Ra7+ Ke6 0-1

[Event "MFR_HT_2015"]
[Site "Nürnberg"]
[Date "2015.04.02"]
[Round "6.11"]
[White "Auburger, Philipp"]
[Black "Balhar, Michael"]
[Result "1-0"]
[WhiteElo "1978"]
[BlackElo "1779"]
[PlyCount "71"]
[EventDate "2015.??.??"]
[WhiteTeam "SC Forchheim"]
[BlackTeam "SC Erlangen"]

1. e4 c5 2. c3 d5 3. exd5 Qxd5 4. d4 Nf6 5. Nf3 Bg4 6. Nbd2 cxd4 7. Bc4 Qd7 8.
Qb3 e6 9. Bb5 Nc6 10. cxd4 Qc7 11. O-O a6 12. Bxc6+ Qxc6 13. Ne5 Qc7 14. Nxg4
Nxg4 15. Nf3 Bd6 16. h3 Nh2 17. Nxh2 Bxh2+ 18. Kh1 Bd6 19. d5 e5 20. f4 O-O 21.
f5 f6 22. Be3 b5 23. Rac1 Qd7 24. Bc5 Rfc8 25. Bxd6 Qxd6 26. a4 Rd8 27. Rfd1
bxa4 28. Qxa4 Rac8 29. Rc3 h6 30. Qc2 Qd7 31. d6 Rxc3 32. bxc3 Rc8 33. Qa2+ Kf8
34. Qe6 Rd8 35. c4 a5 36. c5 1-0

[Event "MFR_HT_2015"]
[Site "Nürnberg"]
[Date "2015.04.02"]
[Round "6.12"]
[White "Böhme, Markus"]
[Black "Kotz, Reinhard"]
[Result "0-1"]
[WhiteElo "1849"]
[BlackElo "2163"]
[PlyCount "64"]
[EventDate "2015.??.??"]
[WhiteTeam "SC Uttenreuth"]
[BlackTeam "SV Puschendorf"]

1. c4 e5 2. g3 Nc6 3. Bg2 Bc5 4. Nc3 a6 5. e3 Nf6 6. Nge2 h6 7. O-O d6 8. h3
O-O 9. d4 Ba7 10. a3 Ne7 11. b3 c6 12. Bb2 Qc7 13. Qd2 Be6 14. f4 Rad8 15. g4
exd4 16. exd4 Rfe8 17. Kh1 d5 18. f5 Bb8 19. Qf4 Qb6 20. c5 Qa7 21. Qd2 Bc8 22.
Rae1 b6 23. b4 a5 24. Ra1 Ba6 25. Rfb1 Qc7 26. Kg1 axb4 27. axb4 Bxe2 28. Qxe2
Qh2+ 29. Kf2 Nxf5 30. gxf5 Rxe2+ 31. Nxe2 Ne4+ 32. Ke1 Qxg2 0-1

[Event "MFR_HT_2015"]
[Site "Nürnberg"]
[Date "2015.04.02"]
[Round "6.13"]
[White "Vogiatzis, Dimitrios"]
[Black "Rausch, Wolfgang jr"]
[Result "1/2-1/2"]
[WhiteElo "2086"]
[BlackElo "2138"]
[PlyCount "39"]
[EventDate "2015.??.??"]
[WhiteTeam "SC NT Nürnberg"]
[BlackTeam "SV Lauf"]

1. d4 Nf6 2. e3 d5 3. f4 Bg4 4. Nf3 Nbd7 5. c3 e6 6. Be2 Ne4 7. O-O f5 8. Nbd2
Nxd2 9. Bxd2 Be7 10. c4 c6 11. a3 Bxf3 12. gxf3 O-O 13. Qc2 Rf6 14. c5 Qe8 15.
Kh1 Qh5 16. Rf2 Rg6 17. Rg1 Nf8 18. Rfg2 Rd8 19. Be1 Rd7 20. b4 1/2-1/2

[Event "MFR_HT_2015"]
[Site "Nürnberg"]
[Date "2015.04.02"]
[Round "6.14"]
[White "Brenner, Christian"]
[Black "Planner, Jörg"]
[Result "1/2-1/2"]
[WhiteElo "2049"]
[BlackElo "1847"]
[PlyCount "106"]
[EventDate "2015.??.??"]
[WhiteTeam "Zabo-Eintr Nürnberg"]
[BlackTeam "SC Heilsbronn"]

1. e4 c5 2. Nf3 Nc6 3. Bb5 e6 4. O-O Nge7 5. b3 a6 6. Bxc6 Nxc6 7. Bb2 d6 8. d3
e5 9. Nc3 Be7 10. Nd5 O-O 11. h3 f5 12. c3 Be6 13. Qe2 Bxd5 14. exd5 Nb8 15.
Rfe1 Bf6 16. Rab1 Nd7 17. c4 h6 18. Nd2 Kh7 19. Nf1 g6 20. a3 a5 21. Qc2 Bg7
22. Bc3 Qc7 23. Nd2 Nf6 24. Nf3 b5 25. a4 b4 26. Bb2 Qd7 27. Re2 Rae8 28. Rbe1
Ng8 29. d4 exd4 30. Re6 Nf6 31. Nh4 Rxe6 32. dxe6 Qe7 33. Nxf5 gxf5 34. Qxf5+
Kg8 35. Bc1 Nh7 36. Qg4 Kh8 37. Bf4 Re8 38. Qg6 Nf6 39. Bxh6 Bxh6 40. Qxh6+ Nh7
41. f4 Qf6 42. Qxf6+ Nxf6 43. g4 d3 44. f5 Ne4 45. Rd1 d2 46. Kg2 Kg7 47. Kf3
Ng5+ 48. Ke3 Rh8 49. Kxd2 Rxh3 50. Kc2 Rh2+ 51. Kc1 Ne4 52. e7 Nc3 53. e8=N+
Kf8 1/2-1/2

[Event "MFR_HT_2015"]
[Site "Nürnberg"]
[Date "2015.04.02"]
[Round "6.15"]
[White "Rausch, Wolfgang sr"]
[Black "Schlötterer, Hermann"]
[Result "1-0"]
[WhiteElo "1881"]
[BlackElo "1911"]
[PlyCount "127"]
[EventDate "2015.??.??"]
[WhiteTeam "SW Nürnberg Süd"]
[BlackTeam "Zabo-Eintr Nürnberg"]

1. Nf3 c5 2. c4 Nf6 3. Nc3 g6 4. d4 cxd4 5. Nxd4 Bg7 6. e4 d6 7. Be2 O-O 8. O-O
Nfd7 9. Be3 Nc6 10. Qd2 Re8 11. Rfd1 Nde5 12. h3 Nxd4 13. Bxd4 Be6 14. b3 Bf8
15. Rac1 Nc6 16. Be3 Bg7 17. Nd5 Rc8 18. b4 b6 19. a3 f6 20. Qc2 Ne5 21. Qb3
Kh8 22. f4 Nd7 23. Qa4 Rf8 24. Bf2 Bf7 25. Qa6 Bh6 26. Be3 e6 27. Nc3 Qe7 28.
Bf3 Ne5 29. Be2 Nc6 30. Rf1 d5 31. Rcd1 Nb8 32. Qb5 Be8 33. Nxd5 exd5 34. Qxd5
Bc6 35. Qd2 Bxe4 36. c5 Rfd8 37. Qc3 Bg7 38. Bc4 Bb7 39. Rxd8+ Rxd8 40. cxb6 f5
41. Qb3 Qe4 42. Rf2 axb6 43. Bxb6 Bd4 44. Bxd4+ Qxd4 45. Bf1 Re8 46. Qf7 Bc6
47. b5 Bd7 48. a4 Qd6 49. a5 Rf8 50. Qc4 Be6 51. Qc3+ Kg8 52. Re2 Rc8 53. Qf6
Re8 54. b6 Nd7 55. Qc3 Nc5 56. Re5 Ne4 57. Qe3 Rb8 58. a6 Rd8 59. a7 Bd5 60.
Qd4 Qc6 61. Rxd5 Rxd5 62. Bc4 Nf6 63. Qxf6 Qc5+ 64. Kh1 1-0

[Event "MFR_HT_2015"]
[Site "Nürnberg"]
[Date "2015.04.02"]
[Round "7.1"]
[White "Liepold, Stefan"]
[Black "Miller, Eduard"]
[Result "1/2-1/2"]
[WhiteElo "2224"]
[BlackElo "2157"]
[PlyCount "55"]
[EventDate "2015.??.??"]
[WhiteTeam "SC Erlangen"]
[BlackTeam "SC Erlangen"]

1. e4 c5 2. Nf3 Nc6 3. Nc3 g6 4. d4 cxd4 5. Nxd4 Bg7 6. Be3 Nf6 7. Bc4 Qa5 8.
O-O O-O 9. h3 Nxd4 10. Bxd4 d6 11. Bb3 Be6 12. Re1 Nd7 13. Nd5 Bxd5 14. Bxg7
Kxg7 15. exd5 Rfe8 16. Qd4+ Kg8 17. Rad1 Rac8 18. Qa4 Qc7 19. Re2 Nc5 20. Qh4
Nxb3 21. axb3 e5 22. dxe6 Rxe6 23. Rxe6 fxe6 24. Qe4 Re8 25. c4 Qc5 26. Rd3 b6
27. Rf3 d5 28. cxd5 1/2-1/2

[Event "MFR_HT_2015"]
[Site "Nürnberg"]
[Date "2015.04.02"]
[Round "7.2"]
[White "Martin, Thomas"]
[Black "Wittmann, Helmut"]
[Result "1-0"]
[WhiteElo "2282"]
[BlackElo "2103"]
[PlyCount "67"]
[EventDate "2015.??.??"]
[WhiteTeam "SC NT Nürnberg"]
[BlackTeam "BSG Wöhrlhaus"]

1. Nf3 d5 2. g3 c6 3. Bg2 Nf6 4. O-O Bg4 5. d3 Nbd7 6. Nbd2 e5 7. e4 Be7 8. h3
Bh5 9. Qe1 Qc7 10. a3 O-O 11. Nh4 Rfd8 12. b3 dxe4 13. dxe4 Nc5 14. Nf5 Bf8 15.
Bb2 b5 16. Nf3 Ncxe4 17. Bxe5 Qb6 18. g4 Bg6 19. N5h4 Nxf2 20. Rxf2 Ne4 21.
Nxg6 Nxf2 22. Qxf2 Bc5 23. Ne7+ Kf8 24. Nd4 Rxd4 25. Kh2 Rd1 26. Rxd1 Bxf2 27.
Bd6 Bc5 28. Ng6+ Ke8 29. Re1+ Kd8 30. Bxc5 Qxc5 31. Ne5 Rc8 32. b4 Qe7 33.
Nxc6+ Rxc6 34. Rxe7 1-0

[Event "MFR_HT_2015"]
[Site "Nürnberg"]
[Date "2015.04.02"]
[Round "7.5"]
[White "Tong, Kevin"]
[Black "Walter, Thomas"]
[Result "1-0"]
[WhiteElo "1859"]
[BlackElo "2149"]
[PlyCount "77"]
[EventDate "2015.??.??"]
[WhiteTeam "SC Erlangen"]
[BlackTeam "SC Erlangen"]

1. e4 e5 2. Nf3 Nc6 3. Bc4 Nf6 4. d3 Bc5 5. c3 d6 6. Bb3 a6 7. Nbd2 O-O 8. O-O
b5 9. Re1 Bg4 10. Nf1 d5 11. exd5 Nxd5 12. h3 Be6 13. Ng3 Nf4 14. d4 Bxb3 15.
axb3 Bb6 16. Nxe5 Nxe5 17. Bxf4 Ng6 18. Qd2 Qd5 19. b4 f5 20. Nh5 Nh4 21. f3 g6
22. Ng3 c6 23. Bg5 Bd8 24. Qf4 Bxg5 25. Qxg5 Qd8 26. Qf4 g5 27. Qe5 Qf6 28. Qc5
Ng6 29. Nh5 Qf7 30. Qxc6 Ne7 31. Qc5 Rfe8 32. Ng3 Nd5 33. Qc6 Rac8 34. Rxe8+
Rxe8 35. Nxf5 Qe6 36. Qxe6+ Rxe6 37. Ng3 Re3 38. Kf2 Rd3 39. Ne4 1-0

[Event "MFR_HT_2015"]
[Site "Nürnberg"]
[Date "2015.04.02"]
[Round "7.7"]
[White "Erlbeck, Peter"]
[Black "Ulusoy, Tolga"]
[Result "0-1"]
[WhiteElo "2091"]
[BlackElo "2048"]
[PlyCount "162"]
[EventDate "2015.??.??"]
[WhiteTeam "SW Nürnberg Süd"]
[BlackTeam "SC NT Nürnberg"]

1. e4 c5 2. Nc3 d6 3. f4 e5 4. Nf3 Nc6 5. Bb5 Bg4 6. O-O Nf6 7. d3 Be7 8. Bxc6+
bxc6 9. h3 Bxf3 10. Qxf3 Nd7 11. b3 O-O 12. Bd2 Bf6 13. f5 Nb6 14. Rad1 d5 15.
g4 c4 16. bxc4 dxc4 17. Kh1 cxd3 18. cxd3 Bg5 19. Bxg5 Qxg5 20. Qg3 Qe7 21. f6
gxf6 22. Qh4 Kh8 23. Rf5 Rg8 24. Rdf1 Nd7 25. Rh5 Rg7 26. Ne2 Qa3 27. Rf3 Qxa2
28. Ng3 Rb8 29. Nf1 Qe2 30. Rhf5 a5 31. Qg3 a4 32. Rf2 Qe1 33. Rb2 Qxg3 34.
Rxb8+ Nxb8 35. Nxg3 Nd7 36. Nh5 Rg8 37. Nxf6 Rd8 38. Nxd7 Rxd7 39. Rxe5 Rxd3
40. Kg2 a3 41. Ra5 Rd2+ 42. Kg3 a2 43. Kf4 c5 44. Ke3 Rh2 45. Kd3 Rxh3+ 46. Kc4
Re3 47. Kxc5 Rxe4 48. Rxa2 Rxg4 49. Kd5 Kg7 50. Ke5 f6+ 51. Kf5 Rg5+ 52. Kf4 h5
53. Ra7+ Kg6 54. Ra8 Rg4+ 55. Kf3 Rb4 56. Kg3 Kg5 57. Rg8+ Kf5 58. Rh8 Rg4+ 59.
Kf3 Rg5 60. Rh6 Ke5 61. Rh8 Kd4 62. Rd8+ Rd5 63. Re8 Rf5+ 64. Kg3 Kd3 65. Rf8
Ke4 66. Kh4 Rf1 67. Kxh5 f5 68. Kh4 Rg1 69. Kh3 f4 70. Re8+ Kf3 71. Kh2 Rg5 72.
Ra8 Re5 73. Rf8 Re1 74. Rf7 Rf1 75. Rf8 Ke2 76. Re8+ Kf2 77. Ra8 Re1 78. Rf8 f3
79. Rf7 Re8 80. Kh3 Rh8+ 81. Kg4 Kg2 0-1

[Event "MFR_HT_2015"]
[Site "Nürnberg"]
[Date "2015.04.02"]
[Round "7.8"]
[White "Giering, Götz"]
[Black "Heimrath, Reiner"]
[Result "0-1"]
[WhiteElo "1766"]
[BlackElo "2277"]
[PlyCount "82"]
[EventDate "2015.??.??"]
[WhiteTeam "SV Lauf"]
[BlackTeam "SC NT Nürnberg"]

1. d4 d6 2. c4 e5 3. dxe5 dxe5 4. Qxd8+ Kxd8 5. Nf3 f6 6. Nc3 c6 7. e4 Be6 8.
Be3 Nd7 9. Be2 Bb4 10. O-O Kc7 11. Na4 Nb6 12. Nxb6 axb6 13. Rfd1 Ne7 14. Ne1
Bc5 15. Nc2 Rhd8 16. a3 Rxd1+ 17. Rxd1 Nc8 18. Bxc5 bxc5 19. Ne3 Nb6 20. Kf1
Nc8 21. Ke1 Nd6 22. f3 g6 23. g4 b6 24. Kf2 Nb7 25. Kg3 Rf8 26. h4 Na5 27. Bf1
Nb3 28. Kf2 Nd4 29. Ra1 Rh8 30. Bd3 Rd8 31. Rd1 Kb7 32. Nf1 h5 33. gxh5 gxh5
34. Nd2 Bf7 35. Rg1 Ne6 36. Ke3 Kc7 37. Bf1 Kd6 38. Be2 Ke7 39. Nb3 Nf4 40. Nd2
Kf8 41. Ra1 Ng2+ 0-1

[Event "MFR_HT_2015"]
[Site "Nürnberg"]
[Date "2015.04.02"]
[Round "7.9"]
[White "Kroneder, Christian"]
[Black "Auburger, Philipp"]
[Result "1-0"]
[WhiteElo "2067"]
[BlackElo "1978"]
[PlyCount "83"]
[EventDate "2015.??.??"]
[WhiteTeam "SK Schwanstetten"]
[BlackTeam "SC Forchheim"]

1. e4 e5 2. Nf3 Nf6 3. Nxe5 d6 4. Nf3 Nxe4 5. Nc3 Nxc3 6. dxc3 Be7 7. Be3 Nd7
8. Qd2 O-O 9. h4 Nc5 10. O-O-O Be6 11. Ng5 Bf5 12. f3 h6 13. g4 Bg6 14. Nh3
Bxh4 15. g5 h5 16. Bxc5 dxc5 17. Qf4 Qe7 18. Qxh4 Qe3+ 19. Kb1 Rad8 20. Bd3
Bxd3 21. cxd3 Rxd3 22. Qe4 Qxe4 23. fxe4 Re3 24. Nf4 g6 25. Nd5 Rg3 26. Rhg1
Rxg1 27. Rxg1 Kg7 28. Kc2 c6 29. Nf6 h4 30. Rh1 Rh8 31. Kd2 h3 32. Ke2 c4 33.
Rh2 a5 34. Ng4 Rh5 35. Kf3 Rxg5 36. Rxh3 f5 37. exf5 Rxf5+ 38. Ke4 Rf1 39. Rh2
g5 40. Ne3 Rf4+ 41. Ke5 b5 42. Nf5+ 1-0

[Event "MFR_HT_2015"]
[Site "Nürnberg"]
[Date "2015.04.02"]
[Round "7.10"]
[White "Link, Andreas"]
[Black "Kotz, Reinhard"]
[Result "0-1"]
[WhiteElo "1983"]
[BlackElo "2163"]
[PlyCount "112"]
[EventDate "2015.??.??"]
[WhiteTeam "Zabo-Eintr Nürnberg"]
[BlackTeam "SV Puschendorf"]

1. d4 Nf6 2. c4 g6 3. Nf3 Bg7 4. g3 d5 5. cxd5 Nxd5 6. Bg2 O-O 7. O-O b6 8. e4
Nf6 9. Nc3 Bb7 10. Re1 e6 11. e5 Nd5 12. Ne4 h6 13. Bd2 Nc6 14. g4 Qd7 15. Rc1
Rfd8 16. Qb3 a5 17. g5 a4 18. Qc4 h5 19. Nf6+ Nxf6 20. exf6 Bf8 21. Be3 Bd6 22.
Nh4 Na5 23. Qc2 Kh7 24. Bxb7 Nxb7 25. Qe4 Na5 26. Nf3 Rac8 27. Rc2 b5 28. Rec1
Nc4 29. Bf4 Bxf4 30. Qxf4 c6 31. b3 axb3 32. axb3 Na5 33. Ne5 Qd6 34. Qe3 Rc7
35. Ra2 Nxb3 36. Qxb3 Qxd4 37. Qe3 Qd5 38. Ra7 Rdd7 39. Rxc7 Rxc7 40. Qc5 Qd2
41. Nf3 Qd8 42. Ra1 Qb8 43. Ne5 b4 44. Ra6 Rb7 45. Nxc6 Qf4 46. Qe3 Qg4+ 47.
Kf1 Qc4+ 48. Qe2 Qc1+ 49. Qe1 Qxg5 50. Ra5 Qf4 51. Rc5 Qxh2 52. Qe5 Qh3+ 53.
Ke2 b3 54. Qb2 Qg4+ 55. Ke3 h4 56. f4 Qg1+ 0-1

[Event "MFR_HT_2015"]
[Site "Nürnberg"]
[Date "2015.04.02"]
[Round "7.12"]
[White "Rausch, Wolfgang jr"]
[Black "Drees, Martin"]
[Result "1-0"]
[WhiteElo "2138"]
[BlackElo "1942"]
[PlyCount "93"]
[EventDate "2015.??.??"]
[WhiteTeam "SV Lauf"]
[BlackTeam "TSV Cadolzburg"]

1. Nf3 Nc6 2. e4 e5 3. Nc3 Nf6 4. d4 exd4 5. Nxd4 Bb4 6. Nxc6 bxc6 7. Bd3 O-O
8. O-O Re8 9. Qf3 d5 10. Bg5 Be7 11. Rfe1 dxe4 12. Nxe4 Be6 13. Nxf6+ Bxf6 14.
Bxf6 Qxf6 15. Qxf6 gxf6 16. Re3 Kg7 17. Rae1 Red8 18. Rg3+ Kh8 19. b3 Rg8 20.
Rxg8+ Rxg8 21. f4 Re8 22. Kf2 c5 23. Re4 Kg7 24. Ra4 Ra8 25. Ra5 c4 26. bxc4 h6
27. Ke3 Bg4 28. h3 Bd7 29. Kd4 Bc6 30. g3 Bg2 31. h4 c6 32. Kc5 Re8 33. Rxa7
Re3 34. g4 Rh3 35. Bf5 Rxh4 36. Be6 Bf3 37. Rxf7+ Kg6 38. g5 Rxf4 39. Rxf6+
Kxg5 40. Rxf4 Kxf4 41. a4 h5 42. a5 h4 43. a6 Bg4 44. Bxg4 Kxg4 45. a7 h3 46.
a8=Q h2 47. Qxc6 1-0

[Event "MFR_HT_2015"]
[Site "Nürnberg"]
[Date "2015.04.02"]
[Round "7.13"]
[White "Balhar, Michael"]
[Black "Vogiatzis, Dimitrios"]
[Result "0-1"]
[WhiteElo "1779"]
[BlackElo "2086"]
[PlyCount "146"]
[EventDate "2015.??.??"]
[WhiteTeam "SC Erlangen"]
[BlackTeam "SC NT Nürnberg"]

1. e4 e5 2. Nc3 Nc6 3. Bc4 Nf6 4. d3 Bc5 5. Nf3 d6 6. h3 Be6 7. Bb3 Qe7 8. Be3
a6 9. Qe2 Nd4 10. Bxd4 exd4 11. Nd5 Bxd5 12. Bxd5 O-O 13. Bb3 Bb4+ 14. Kf1 Bc5
15. e5 Rae8 16. Re1 dxe5 17. Qxe5 Qd6 18. Qxd6 cxd6 19. Ng5 d5 20. Nf3 h6 21.
g4 Rxe1+ 22. Kxe1 Re8+ 23. Kd1 Kf8 24. Re1 Rxe1+ 25. Kxe1 Ke7 26. Ke2 Ke6 27.
Nh4 Ke5 28. Nf5 Bf8 29. Nh4 Bc5 30. Nf5 Ne8 31. Nh4 g6 32. Nf3+ Kd6 33. Nh4 Ke5
34. Ng2 g5 35. Ne1 Nc7 36. Nf3+ Kf4 37. Ne1 f6 38. Ng2+ Ke5 39. Ne1 Ne6 40. Ng2
Bb4 41. a3 Ba5 42. Ba2 b5 43. b4 Bb6 44. h4 Bc7 45. Bb3 Kd6 46. h5 Kc6 47. Kd2
Bf4+ 48. Kd1 Kd6 49. Ne1 Be5 50. Nf3 Ng7 51. Nd2 f5 52. f3 Bf4 53. Nb1 Be5 54.
a4 Ne8 55. Ke2 Nf6 56. axb5 axb5 57. Na3 Kc6 58. c3 fxg4 59. fxg4 dxc3 60. Kf3
Bc7 61. Nc2 Bb6 62. Ne1 Nd7 63. Bd1 Ne5+ 64. Kg2 Be3 65. Nc2 Ba7 66. Be2 Nf7
67. d4 Nd8 68. Na3 Bxd4 69. Bxb5+ Kb6 70. Bd7 Be5 71. Kf2 Nc6 72. Nc2 Bd6 73.
Be6 Nxb4 0-1

[Event "MFR_HT_2015"]
[Site "Nürnberg"]
[Date "2015.04.02"]
[Round "7.14"]
[White "Planner, Jörg"]
[Black "Rausch, Wolfgang sr"]
[Result "1/2-1/2"]
[WhiteElo "1847"]
[BlackElo "1881"]
[PlyCount "67"]
[EventDate "2015.??.??"]
[WhiteTeam "SC Heilsbronn"]
[BlackTeam "SW Nürnberg Süd"]

1. e4 d6 2. d4 Nf6 3. Nc3 a6 4. a4 g6 5. f3 Bg7 6. Be3 O-O 7. Qd2 e5 8. Nge2
Re8 9. h4 exd4 10. Bxd4 Nc6 11. Be3 d5 12. O-O-O dxe4 13. Qe1 Qe7 14. Bg5 Qe5
15. fxe4 Nxe4 16. Rd5 Qe6 17. Nf4 Qg4 18. Nxe4 Bf5 19. Be2 Rxe4 20. Bxg4 Rxe1+
21. Rxe1 Bxg4 22. Nh3 h6 23. Bf4 Rc8 24. Nf2 Be6 25. Rd2 b5 26. Ne4 Bf8 27. Be3
bxa4 28. Bc5 Bg7 29. Ba3 Ne5 30. Nc5 Bf5 31. Red1 Bf6 32. Rd4 Ng4 33. Rxa4 Bxh4
34. Nd3 1/2-1/2

[Event "MFR_HT_2015"]
[Site "Nürnberg"]
[Date "2015.04.02"]
[Round "7.15"]
[White "Schlötterer, Hermann"]
[Black "Böhme, Markus"]
[Result "0-1"]
[WhiteElo "1911"]
[BlackElo "1849"]
[PlyCount "62"]
[EventDate "2015.??.??"]
[WhiteTeam "Zabo-Eintr Nürnberg"]
[BlackTeam "SC Uttenreuth"]

1. d4 Nf6 2. g3 c5 3. d5 b5 4. c4 g6 5. cxb5 a6 6. Bg2 d6 7. bxa6 Bxa6 8. Nc3
Bg7 9. Nf3 Nbd7 10. O-O O-O 11. Re1 Qa5 12. e4 Rfb8 13. e5 dxe5 14. Rxe5 Nxe5
15. Nxe5 Bb7 16. a4 Nxd5 17. Nxd5 Bxe5 18. Nxe7+ Kg7 19. Qg4 Kh8 20. Bxb7 Rxb7
21. Nc6 Qc7 22. Qe4 Bd6 23. Bg5 Kg7 24. Rd1 Rc8 25. Nd8 Rbb8 26. Qf3 Rxd8 27.
Qf6+ Kg8 28. Re1 Re8 29. Bd2 Rxe1+ 30. Bxe1 Qe7 31. Qc3 Be5 0-1

[Event "MFR_HT_2015"]
[Site "Nürnberg"]
[Date "2015.04.03"]
[Round "8.1"]
[White "Miller, Eduard"]
[Black "Reis, Gerhard"]
[Result "1/2-1/2"]
[WhiteElo "2157"]
[BlackElo "2182"]
[PlyCount "27"]
[EventDate "2015.??.??"]
[WhiteTeam "SC Erlangen"]
[BlackTeam "SW Nürnberg Süd"]

1. e4 c5 2. Nf3 e6 3. d3 Nc6 4. g3 Nge7 5. Bg2 g6 6. O-O Bg7 7. Re1 e5 8. Nc3
d6 9. Nd2 O-O 10. Nc4 Be6 11. Ne3 Qd7 12. Ned5 Bh3 13. Bh1 Nxd5 14. Nxd5
1/2-1/2

[Event "MFR_HT_2015"]
[Site "Nürnberg"]
[Date "2015.04.03"]
[Round "8.2"]
[White "Bachstein, Dustin"]
[Black "Martin, Thomas"]
[Result "1/2-1/2"]
[WhiteElo "2108"]
[BlackElo "2282"]
[PlyCount "58"]
[EventDate "2015.??.??"]
[WhiteTeam "SC Erlangen"]
[BlackTeam "SC NT Nürnberg"]

1. d4 Nf6 2. c4 e6 3. Nc3 Bb4 4. e3 b6 5. Nge2 Bb7 6. a3 Be7 7. Ng3 O-O 8. e4
d6 9. Bd3 e5 10. d5 Bc8 11. O-O a5 12. Bd2 Nfd7 13. Nf5 Bf6 14. b4 g6 15. Ne3
Bg7 16. Qc2 Na6 17. Na4 axb4 18. axb4 Re8 19. Rfb1 Bf8 20. Nf1 Qh4 21. Be3 f5
22. f3 fxe4 23. Bxe4 Nf6 24. Bf2 Qh5 25. Ng3 Qg5 26. b5 Nc5 27. Nxc5 Rxa1 28.
Rxa1 dxc5 29. Qd3 Nh5 1/2-1/2

[Event "MFR_HT_2015"]
[Site "Nürnberg"]
[Date "2015.04.03"]
[Round "8.3"]
[White "Ulusoy, Tolga"]
[Black "Liepold, Stefan"]
[Result "0-1"]
[WhiteElo "2048"]
[BlackElo "2224"]
[PlyCount "110"]
[EventDate "2015.??.??"]
[WhiteTeam "SC NT Nürnberg"]
[BlackTeam "SC Erlangen"]

1. e4 e6 2. d4 d5 3. Nc3 Bb4 4. Qg4 Nf6 5. Qxg7 Rg8 6. Qh6 Rg6 7. Qe3 c5 8. a3
cxd4 9. Qxd4 Nc6 10. Bb5 Bxc3+ 11. Qxc3 Nxe4 12. Qh8+ Kd7 13. Qxd8+ Kxd8 14. f3
Nd6 15. Bd3 Rxg2 16. Bf4 e5 17. Bg3 Nf5 18. O-O-O Nxg3 19. hxg3 Rxg3 20. Rxh7
Ke7 21. Rh8 Rb8 22. b4 Be6 23. Rxb8 Nxb8 24. Rf1 Nd7 25. Ne2 Rg2 26. f4 f6 27.
fxe5 fxe5 28. Re1 Kd6 29. Nc3 a6 30. Rd1 Nf6 31. Rf1 Ng4 32. Rf8 e4 33. Nxe4+
dxe4 34. Bxe4 Rg1+ 35. Kb2 b6 36. Ra8 Ne3 37. Rxa6 Nd1+ 38. Kc1 Nc3+ 39. Kb2
Nxe4 40. Rxb6+ Kd7 41. a4 Nd6 42. Kc3 Rg3+ 43. Kd4 Rg4+ 44. Kc3 Rc4+ 45. Kd2
Bf5 46. c3 Ne4+ 47. Kd3 Rxc3+ 48. Kd4 Rc6 49. Rb8 Nd6 50. a5 Kc7 51. Rg8 Rc4+
52. Kd5 Rxb4 53. Rg7+ Bd7 54. a6 Rb5+ 55. Kd4 Nf5+ 0-1

[Event "MFR_HT_2015"]
[Site "Nürnberg"]
[Date "2015.04.03"]
[Round "8.4"]
[White "Tong, Kevin"]
[Black "Wagner, Florian"]
[Result "1-0"]
[WhiteElo "1859"]
[BlackElo "2145"]
[PlyCount "89"]
[EventDate "2015.??.??"]
[WhiteTeam "SC Erlangen"]
[BlackTeam "SC NT Nürnberg"]

1. e4 c5 2. Nf3 e6 3. d4 cxd4 4. Nxd4 a6 5. c4 Qc7 6. Nc3 Nf6 7. Nc2 Be7 8. Be3
d6 9. Be2 b6 10. O-O Bb7 11. f3 Nbd7 12. Rc1 O-O 13. Qe1 Rac8 14. Qf2 Bd8 15.
Rfd1 Qb8 16. Na3 Bc7 17. h3 Rfe8 18. Bf1 d5 19. cxd5 Bg3 20. Qd2 exd5 21. Nxd5
Nxd5 22. exd5 Rxc1 23. Qxc1 Nf6 24. Bc4 b5 25. Bb3 h6 26. Nc2 Bh2+ 27. Kf1 Nh5
28. Nd4 Nf4 29. d6 Qxd6 30. Ne6 Nd3 31. Qc3 fxe6 32. Rxd3 Qf8 33. Bc5 Qf5 34.
Rd7 Be5 35. Bd4 Rc8 36. Qe3 Bxf3 37. Qxf3 Qb1+ 38. Ke2 Bxd4 39. Rxd4 Qxb2+ 40.
Rd2 Qe5+ 41. Qe3 Qxe3+ 42. Kxe3 Rc6 43. Kf4 Kf7 44. Ke5 Ke7 45. Rc2 1-0

[Event "MFR_HT_2015"]
[Site "Nürnberg"]
[Date "2015.04.03"]
[Round "8.5"]
[White "Heimrath, Reiner"]
[Black "Meulner, Klaus"]
[Result "0-1"]
[WhiteElo "2277"]
[BlackElo "2129"]
[PlyCount "80"]
[EventDate "2015.??.??"]
[WhiteTeam "SC NT Nürnberg"]
[BlackTeam "SW Nürnberg Süd"]

1. e4 d5 2. Nc3 e6 3. Nf3 Nf6 4. Qe2 b6 5. exd5 Nxd5 6. Nxd5 Qxd5 7. Qb5+ c6 8.
Qb3 Na6 9. Qxd5 exd5 10. c3 Bd6 11. Nd4 O-O 12. Nxc6 Re8+ 13. Kd1 Nc5 14. f3
Bf5 15. Nb4 a5 16. Nxd5 Nd3 17. Bxd3 Bxd3 18. Ne3 Bc5 19. g3 Re6 20. Ke1 f5 21.
f4 g5 22. fxg5 f4 23. gxf4 Rf8 24. Rf1 Bxf1 25. Kxf1 Rxf4+ 26. Kg2 Bxe3 27.
dxe3 Rg4+ 28. Kf3 Rxg5 29. b4 Rf6+ 30. Ke4 Rf1 31. bxa5 bxa5 32. Rb1 Rg2 33.
Rb8+ Kg7 34. Rb7+ Kg6 35. Rb6+ Rf6 36. Rb5 Rxa2 37. h4 Rf1 38. h5+ Kh6 39. Rb2
Ra4+ 40. Kd3 Rxc1 0-1

[Event "MFR_HT_2015"]
[Site "Nürnberg"]
[Date "2015.04.03"]
[Round "8.6"]
[White "Wittmann, Helmut"]
[Black "Hirn, Oskar"]
[Result "0-1"]
[WhiteElo "2103"]
[BlackElo "2218"]
[PlyCount "68"]
[EventDate "2015.??.??"]
[WhiteTeam "BSG Wöhrlhaus"]
[BlackTeam "SC NT Nürnberg"]

1. d4 Nf6 2. Nf3 g6 3. Bg5 Bg7 4. Nbd2 h6 5. Bh4 c5 6. dxc5 Na6 7. e4 Nxc5 8.
e5 Nfe4 9. Nxe4 Nxe4 10. Qd4 Ng5 11. Bxg5 hxg5 12. Bc4 d5 13. Bb5+ Bd7 14.
Bxd7+ Qxd7 15. Nxg5 Qf5 16. f4 f6 17. Qa4+ Kf8 18. O-O Rh4 19. exf6 Bxf6 20.
Qb3 Rc8 21. Rad1 Rc4 22. Qxb7 Kg7 23. Rxd5 Qxc2 24. Re5 Rcxf4 25. Rxe7+ Kh6 26.
Nf3 Qc5+ 27. Rf2 Qxe7 28. Qxe7 Bxe7 29. g3 Bc5 30. gxf4 Rxf4 31. Kg2 Bxf2 32.
Kxf2 Rc4 33. Ne1 Rc1 34. a3 Rb1 0-1

[Event "MFR_HT_2015"]
[Site "Nürnberg"]
[Date "2015.04.03"]
[Round "8.7"]
[White "Seibold, Hubert"]
[Black "Kroneder, Christian"]
[Result "1/2-1/2"]
[WhiteElo "2168"]
[BlackElo "2067"]
[PlyCount "91"]
[EventDate "2015.??.??"]
[WhiteTeam "SK Zirndorf"]
[BlackTeam "SK Schwanstetten"]

1. d4 d5 2. Nf3 Nf6 3. Bf4 e6 4. e3 Bd6 5. Bd3 c5 6. Bxd6 Qxd6 7. c3 O-O 8.
Nbd2 cxd4 9. exd4 b6 10. Qe2 a5 11. a4 Ba6 12. Ne5 Bxd3 13. Qxd3 Nfd7 14. f4 f6
15. Nxd7 Nxd7 16. O-O e5 17. dxe5 fxe5 18. Ne4 Qc6 19. Ng5 e4 20. Qh3 Nf6 21.
Qe6+ Qxe6 22. Nxe6 Rf7 23. Rad1 Rc8 24. Rd4 Re7 25. f5 Rd7 26. h3 Kf7 27. g4 g6
28. Nf4 g5 29. Ne6 Rg8 30. Kg2 h5 31. h4 gxh4 32. g5 Ng4 33. Kh3 Ne3 34. Rf2
Nxf5 35. Rxf5+ Kxe6 36. Rf6+ Ke5 37. Kxh4 Rdg7 38. Rxb6 Rxg5 39. Rb5 Rg4+ 40.
Kh3 Kf4 41. Rdxd5 Rg3+ 42. Kh2 Rg2+ 43. Kh1 Rg1+ 44. Kh2 R1g2+ 45. Kh1 Rg1+ 46.
Kh2 1/2-1/2